000 01423nam a2200301 c 4500
999 _c37649
_d37649
003 BLK
005 20211222090005.0
008 180408b bul|||||r ||||||| ||bul||
010 _aKNG00040814000
040 _aBLK
041 _aBUL
_cBUL
080 _aКриминалистика. Виктимология (Учение за жертвите на престъпленията). Криминална техника. Криминална тактика
_b343.98
_x(075.8)
_z343.98(075.8)
100 1 _aВакарелски, Иван Н.
_eпърви автор
_9275640
139 _aВакарелски, Иван Н.
_bВ 17
245 1 0 _aКриминалистика
_bМетодика за разследване на отделните видове престъпления : Уч. помагало за студентите-юристи
_cИван Н. Вакарелски.
257 _aBGR
260 _bНаука и изкуство
_c1961
_fПлевен : Ал. Пъшев
_aСофия
300 _a271 с.
_c21 см
380 _a3
500 _aБиблиогр. с. 268. - 3 071 тир.
650 4 _aКриминалистика - учебници за ВУЗ
_9250909
650 4 _aПрестъпления и престъпници
_9271124
852 _aЦб 20626
856 4 _qpdf
856 4 _qpdf
942 _cKNG
_n0
_s1
944 _aCR
_c24.08.2016
_kКети_Илиева
944 _aED
_c23.06.2017
_kТеодора_Стоянова
999 _d37649